| 000 | 02281cam a2200361 i 4500 | ||
|---|---|---|---|
| 001 | 20436238 | ||
| 005 | 20250319182009.0 | ||
| 008 | 180409s2018 caua 6 000 1 eng | ||
| 010 | _a 2018015811 | ||
| 020 | _a9781401278519 (hardback) | ||
| 040 |
_aDLC _beng _cDLC _erda |
||
| 041 | _aEnglish | ||
| 042 | _apcc | ||
| 050 | 0 | 0 |
_aPN6728.Z46 _bJ87 2018 |
| 100 |
_aJurgens, Dan _ewriter _eartist _914246 |
||
| 245 | 1 | 0 |
_aZero hour _b: crisis in time _c/ Dan Jurgens, writer ; Dan Jurgens, Jerry Ordway, Frank Fosco, Ken Branch, artists ; Gregory Wright, Stuart Chaifetz, colorists ; Gaspar, Starkings/Comicraft, letterers ; Dan Jurgens, Jerry Ordway & Brad Anderson, collection cover artists. |
| 264 | 1 |
_aBurbank, CA : _bDC Comics, _c2018. |
|
| 300 |
_a1 volume (various pagings) : _bchiefly color illustrations ; _c27 cm |
||
| 500 | _a"Superman created by Jerry Siegel and Joe Shuster - Superboy created by Jerry Siegel, by special arrangement with the Jerry Siegel family - Supergirl based on the characters created by Jerry Siegel and Joe Shuster" | ||
| 500 | _a"Originally published in single magazine form in SHOWCASE '94 8, 9 and ZERO HOUR: CRISIS IN TIME 4-0."--Title page verso. | ||
| 520 | _aOne of the most monumental crossovers in DC history is now collected in a brand-new hardcover with ZERO HOUR: CRISIS IN TIME! All of reality comes under attack when a mysterious force of entropy begins slowly erasing time itself--making its way from both the past and future toward the present! As history itself unravels around them, the heroes of the world--including Superman, Batman, Wonder Woman, The Flash, The Justice Society and the Titans--scramble to fix the broken timestream. But even if they stop the true source of the chaos, the world they save will never be the same! | ||
| 655 | 0 |
_aComic books, strips, etc. _923850 |
|
| 700 |
_aOrdway, Jerry _eartist _924464 |
||
| 700 |
_aFosco, Frank _eartist _924934 |
||
| 700 |
_aBranch, Ken _eartist _924935 |
||
| 700 |
_aWright, Gregory _ecolorist _924692 |
||
| 700 |
_aChaifetz, Stuart _ecolorist _924936 |
||
| 700 |
_aSaladino, Gaspar _eletterer _924937 |
||
| 700 |
_aStarkings, Richard _eletterer _924938 |
||
| 700 |
_aAnderson, Brad _eartist _924939 |
||
| 710 |
_aComicraft (Firm) _eletterer _924940 |
||
| 942 | _2lcc | ||
| 999 |
_c3445 _d3445 |
||